UFC Main Events 2024 - Statistics

General Stats
  • This quiz has been taken 90 times
  • The average score is 23 of 28
Answer Stats
Card Answer % Correct
UFC 300 Alex Pereira
96%
UFC 300 Jamahal Hill
96%
UFC 306 – Riyadh Season Noche Merab Dvalishvili
90%
UFC 306 – Riyadh Season Noche Sean O'Malley
90%
UFC 309 Jon Jones
88%
UFC 305 Dricus Du Plessis
85%
UFC 305 Israel Adesanya
85%
UFC 304 Leon Edwards
85%
UFC 309 Stipe Miocic
85%
UFC 304 Belal Muhammad
84%
UFC 308 Ilia Topuria
84%
UFC 308 Max Holloway
84%
UFC 299 Sean O'Malley
84%
UFC 302 Dustin Poirier
82%
UFC 302 Islam Makhachev
82%
UFC 299 Marlon Vera
82%
UFC 298 Alexander Volkanovski
81%
UFC 307 Alex Pereira
81%
UFC 303 Alex Pereira
79%
UFC 297 Dricus Du Plessis
79%
UFC 298 Ilia Topuria
79%
UFC 297 Sean Strickland
79%
UFC 301 Alexandre Pantoja
78%
UFC 303 Jiří Procházka
78%
UFC 307 Khalil Rountree
78%
UFC 310 Alexandre Pantoja
75%
UFC 301 Steve Erceg
73%
UFC 310 Kai Asakura
71%
No matching quizzes found
Score Distribution
Percent of People with Each Score
Percentile by Number Answered
Your Score History
You have not taken this quiz